| 000 | 00343nam a2200145Ia 4500 | ||
|---|---|---|---|
| 008 | 200103s9999||||xx |||||||||||||| ||und|| | ||
| 020 | _a0540014060, | ||
| 040 | _aIMU-MPC | ||
| 082 | _aColumn-19 | ||
| 100 | _aDerrett, D.R. | ||
| 245 | 4 | _aThe Mariners' Highway Code | |
| 260 |
_bStanford Maritime London _c1973 |
||
| 300 | _a141 | ||
| 942 | _cBK | ||
| 999 |
_c6393 _d6393 |
||